| 000 | 00601nam a22001817a 4500 | ||
|---|---|---|---|
| 003 | OSt | ||
| 005 | 20251016071807.0 | ||
| 008 | 251016b |||||||| |||| 00| 0 eng d | ||
| 020 | _a978-1-83771-447-6 | ||
| 040 |
_aDWCL- Main Lib _cOC |
||
| 082 | _aGR . 611 U47 2023 | ||
| 245 |
_aUltimate questions and answers : _bHuman Body |
||
| 260 |
_aUnited Kingdom : _bAutumn Publishing, _cc2023. |
||
| 300 |
_a63 pages : _bcolor illustrations ; _c28cm. |
||
| 650 | _aHuman body | ||
| 710 | _aEdited by Nicola Dechamps and Rebecca Kealy ; Designed by Nicky Schott and Ashley Botterill | ||
| 942 |
_2ddc _cGR _kGR _n0 |
||
| 999 |
_c4907 _d4907 |
||